000 00930nam a2200217 a 4500
001 000290265
003 AM-YeHGA
005 20250618071905.0
008 031204s1966 ai 000 | arm d
040 _aAM-YeHGA
041 0 _aarm
100 0 _aՇիրին
_dգուսան
245 1 0 _aՏաղարան /
_cՇիրին (Հովհաննես Կարապետյան); Կազմ. և առաջաբ. հեղ.՝ Շ. Գրիգորյան; Խմբ.՝ Միք.Ա. Հարությունյան.
260 _aԵրևան :
_bՀայաստան,
_c1966.
300 _a131 էջ :
_bլուսանկ. ;
_c17 սմ.
650 1 4 _aՀայ գրականություն
_xՊոեզիա
650 1 4 _aԳուսանական արվեստ
_94727
700 1 _aԳրիգորյան, Շավիղ Սուրենի,
_d1922-
_eկազմ.
_4com
_eառաջաբ.
_4aui
700 1 _aՀարությունյան, Միքայել Արտեմի,
_d1918-1987
_eխմբ.
_4edt
_91173
090 _c107516
999 _c106190
_d106190